=LDR 00000nam 2200000 4500 =001 NUTBA000000000005829 =005 20141111133601.0 =006 =007 =008 =020 ##$$a 978.602.7843.08-0 =035 ##$$a 0010-111400000000308 =040 ##$$a NBPDMAT =082 ##$$a 028.5 =090 ##$$a 028.5 Wen a =100 ##$$a Weni Rahayu =245 ##$$a Aku tahu hewan ternak$cWeni Rahayu; editor Laila Febrina =260 ##$$a Jakarta$bMediantara Semesta$c2013 =300 ##$$a iv, 11 hlm$bilus$c7 cm =500 ##$$a Bibliografi hlm : 11 =650 ##$$a Bacaan Kanak-kanak =850 ##$$a NBPDMAT